000 00756nam a22002537a 4500
003 UA-OsUOA
001 31103
007 ta
008 20041202b un ||||| |||| 00| 0 ukr d
100 _aВанчугов В. П.
090 _a903
_bВ17
942 _cBK
040 _aUA-OsUOA
_brus
_cUA-OsUOA
_dUA-OsUOA
245 _aБелозерские памятники в Северо-западном Причерноморье
_bПроблема формирования белозерской культуры
300 _a168 с.
_bІлюстрації
955 _a0
041 _arus
080 _a903
020 _a5-12-001514-Х
260 _aКиев
_bНаукова думка
_c1990
044 _aUA
650 7 _2UDC
999 _c317524
_d317524